| 000 | 00877cam a22002897a 4500 | ||
|---|---|---|---|
| 003 | CHAP | ||
| 005 | 20220329140127.0 | ||
| 008 | 971013s1911 r 00010 d | ||
| 010 | _a47391 | ||
| 011 | _a48363 | ||
| 035 | _a52508 | ||
| 040 | _cCHAP | ||
| 082 |
_a980 _bA7 |
||
| 100 | 0 | 0 |
_aReyes, Alfonso. _997019 |
| 245 | 1 | 3 | _aEl paisaje en la poesía mexicana del siglo XIX |
| 260 |
_aMéxico, D. F. : _bTip. de la Viuda de F. Díaz de León, Sucs., _c1911 |
||
| 300 | _a54 p. | ||
| 501 | _aEnc. con otros impresos similares | ||
| 590 |
_aBATCH-UPD _b10 _c20130110 _lUCH01 _h1627 |
||
| 590 |
_aBATCH-UPD _b10 _c20130410 _lUCH01 _h1021 |
||
| 590 |
_aBATCH-UPD _b10 _c20130914 _lUCH01 _h1926 |
||
| 590 |
_aCONVERSION _b10 _c20130109 _lUCH01 _h1326 |
||
| 650 | 1 | 4 |
_aPoesía mexicana. _990146 |
| 901 | _aBK | ||
| 942 | _cLIBRO | ||
| 949 |
_a980 A7 _bBC _cBPP _d-116941 _eBPP _i52508 _si |
||
| 999 |
_c47391 _d47391 |
||